[Event "Clichy Masters 11th"]
[Site "Clichy"]
[Date "2000.07.25"]
[EventDate "2000.??.??"]
[Round "9"]
[Result "0-1"]
[White "Maxime Vachier-Lagrave"]
[Black "Jean-Philippe Karr"]
[WhiteElo "2637"]
[BlackElo "2409"]
[PlyCount "80"]

1. e4 c5 2. Nf3 Nc6 3. Bb5 g6 4. O-O Bg7 5. Re1 Nf6 6. c3 O-O
7. d4 d5 8. e5 Ne4 9. Bxc6 bxc6 10. Nbd2 cxd4 11. cxd4 c5
12. dxc5 Nxc5 13. Nb3 Nxb3 14. Qxb3 Bg4 15. Nd4 Rb8 16. Qd3
Qc7 17. f4 Rfc8 18. b3 Qa5 19. Bb2 Bd7 20. a3 e6 21. Rac1 Bf8
22. b4 Qb6 23. Rxc8 Rxc8 24. Rc1 Bb5 25. Qd2 Bc4 26. Bc3 h5
27. h3 Qa6 28. Kh2 Bd3 29. Bb2 Rxc1 30. Qxc1 Be4 31. Qc6 Qf1
32. Nf3 Bxf3 33. Qc2 Bh6 34. Bc1 Be4 35. Qb2 Bxf4+ 36. Bxf4
Qxf4+ 37. Kg1 Qe3+ 38. Kh2 d4 39. b5 d3 40. b6 axb6 0-1

[Event "Wch U10"]
[Site "Oropesa del Mar"]
[Date "2000.10.11"]
[EventDate "2000.??.??"]
[Round "2"]
[Result "1-0"]
[White "Maxime Vachier-Lagrave"]
[Black "David Howell"]
[WhiteElo "2637"]
[BlackElo "2479"]
[PlyCount "51"]

1. e4 e5 2. Nc3 Nf6 3. f4 d5 4. fxe5 Nxe4 5. d3 Nxc3 6. bxc3
d4 7. Nf3 Nc6 8. Be2 dxc3 9. O-O Nd4 10. Nxd4 Qxd4+ 11. Kh1
Be6 12. Bf4 Ba3 13. Qe1 Bb2 14. Rd1 Bxa2 15. Qg3 Rg8 16. Bg5
Be6 17. Bf3 c6 18. Rde1 Qb6 19. Bh5 a5 20. Rxf7 Bxf7 21. Bxf7+
Kd7 22. e6+ Kc8 23. Bxg8 Ba3 24. e7 Bxe7 25. Be6+ Kd8 26. Qd6+
1-0

[Event "Wch U10"]
[Site "Oropesa del Mar"]
[Date "2000.10.11"]
[EventDate "2000.??.??"]
[Round "4"]
[Result "0-1"]
[White "Sergey Karjakin"]
[Black "Maxime Vachier-Lagrave"]
[WhiteElo "2732"]
[BlackElo "2637"]
[PlyCount "54"]

1. e4 c5 2. Nf3 Nc6 3. d4 cxd4 4. Nxd4 g6 5. c4 Bg7 6. Be3 Nf6
7. Nc3 Ng4 8. Qxg4 Nxd4 9. Qd1 Ne6 10. Rc1 d6 11. Be2 Bd7
12. O-O Bc6 13. f3 a5 14. b3 Nc5 15. Qd2 O-O 16. Rfd1 Qb6
17. Nd5 Bxd5 18. cxd5 Rfc8 19. Rc2 Bh6 20. Bxh6 Nxb3+ 21. Be3
Rxc2 22. Qd3 Nc1 23. Bxb6 Nxd3 24. Bxd3 Rxa2 25. Bd4 Rc8
26. Rb1 Ra4 27. Bb2 Rb4 0-1

[Event "Wch U10"]
[Site "Oropesa del Mar"]
[Date "2000.10.11"]
[EventDate "2000.??.??"]
[Round "5"]
[Result "1/2-1/2"]
[White "Dmitry Andreikin"]
[Black "Maxime Vachier-Lagrave"]
[WhiteElo "2573"]
[BlackElo "2637"]
[PlyCount "57"]

1. e4 c5 2. Nf3 Nc6 3. d4 cxd4 4. Nxd4 g6 5. Nc3 Bg7 6. Be3
Nf6 7. Bc4 Qa5 8. O-O O-O 9. Bb3 d6 10. Nd5 Re8 11. Qf3 Ng4
12. Nxc6 bxc6 13. Nc3 Ne5 14. Qg3 Ba6 15. Rfd1 Nc4 16. Bxc4
Bxc4 17. Bd2 Qc7 18. b3 Be6 19. Rac1 Kh8 20. Ne2 Bd7 21. c4 c5
22. Bc3 Bc6 23. Bxg7+ Kxg7 24. Nc3 a5 25. Rd3 a4 26. bxa4 Reb8
27. Nb5 Qa5 28. e5 Qxa4 29. exd6 1/2-1/2

[Event "Wch U10"]
[Site "Oropesa del Mar"]
[Date "2000.10.11"]
[EventDate "2000.??.??"]
[Round "6"]
[Result "1-0"]
[White "Maxime Vachier-Lagrave"]
[Black "Falko Bindrich"]
[WhiteElo "2637"]
[BlackElo "2512"]
[PlyCount "60"]

1. e4 c5 2. Nf3 Nc6 3. Bb5 g6 4. O-O Bg7 5. Re1 Nf6 6. c3 a6
7. Bf1 e5 8. d4 cxd4 9. cxd4 Nxd4 10. Nxd4 exd4 11. e5 Nd5
12. Qxd4 Ne7 13. Bg5 Nf5 14. Qd2 Qb6 15. Nc3 O-O 16. Nd5 Qa7
17. Bd3 Nd4 18. Nf6+ Kh8 19. Nd5 Qc5 20. Be4 Nc6 21. Rac1 Qa7
22. Be3 Qb8 23. f4 d6 24. exd6 Qxd6 25. Bc5 Qd8 26. Bxf8 Bxf8
27. Qf2 Bg7 28. Red1 Rb8 29. Kh1 Bg4 30. Rd2 Qa5 1-0

[Event "Wch U10"]
[Site "Oropesa del Mar"]
[Date "2000.10.11"]
[EventDate "2000.??.??"]
[Round "7"]
[Result "0-1"]
[White "Puchen Wang"]
[Black "Maxime Vachier-Lagrave"]
[WhiteElo "2383"]
[BlackElo "2637"]
[PlyCount "92"]

1. c4 c5 2. Nc3 Nc6 3. g3 g6 4. Bg2 Bg7 5. Nf3 Nf6 6. O-O O-O
7. e4 d6 8. d3 a6 9. Nd5 e6 10. Ne3 Qc7 11. Nh4 Rb8 12. f4 b5
13. f5 Nd4 14. g4 bxc4 15. g5 cxd3 16. Qxd3 Nd7 17. Ng4 exf5
18. exf5 Ne5 19. Nxe5 Bxe5 20. fxg6 fxg6 21. Bd2 Be6 22. Rxf8+
Rxf8 23. Qxa6 c4 24. Rb1 Rf7 25. Qa8+ Kg7 26. Qe8 Rf8 27. Qa4
d5 28. Qa5 Qxa5 29. Bxa5 Ra8 30. Re1 Bxh2+ 31. Kxh2 Rxa5
32. a3 Rb5 33. Rd1 Nc6 34. Rd2 Ne5 35. Nf3 Nxf3+ 36. Bxf3 d4
37. a4 Rb4 38. a5 c3 39. bxc3 dxc3 40. Rd3 c2 41. Rc3 Rb3
42. a6 Rxc3 43. a7 c1=Q 44. a8=Q Rc2+ 45. Kg3 Qxg5+ 46. Bg4
Qxg4# 0-1

[Event "Wch U10"]
[Site "Oropesa del Mar"]
[Date "2000.10.11"]
[EventDate "2000.??.??"]
[Round "8"]
[Result "0-1"]
[White "Maxime Vachier-Lagrave"]
[Black "Ngoc Truongson Nguyen"]
[WhiteElo "2637"]
[BlackElo "2555"]
[PlyCount "87"]

1. e4 d5 2. exd5 Nf6 3. d4 Nxd5 4. c4 Nf6 5. Nf3 e6 6. Be2 Bd6
7. Nc3 O-O 8. O-O b6 9. Ne5 Bb7 10. Bf3 Qc8 11. Qe2 c5
12. Bxb7 Qxb7 13. dxc5 Bxe5 14. Qxe5 Nbd7 15. Qe2 Nxc5 16. f3
Rac8 17. Bg5 Ne8 18. Rad1 f6 19. Be3 Qe7 20. Rfe1 Nc7 21. Rd2
Rfd8 22. Red1 e5 23. Nd5 Nxd5 24. Rxd5 Rxd5 25. Rxd5 Ne6
26. b3 Nc7 27. Rd2 Rd8 28. a3 Ne6 29. b4 Rxd2 30. Qxd2 Qd8
31. Kf2 Qxd2+ 32. Bxd2 Kf7 33. Ke3 Ke7 34. a4 Kd6 35. Bc1 f5
36. Ba3 g6 37. Bb2 h5 38. h4 Nf4 39. g3 Ne6 40. Kd3 a5 41. Bc3
axb4 42. Bxb4+ Kc6 43. a5 bxa5 44. Bxa5 0-1

[Event "Rapid Match"]
[Site "Cap d'Agde FRA"]
[Date "2000.11.01"]
[EventDate "2000.??.??"]
[Round "1"]
[Result "1/2-1/2"]
[White "David Howell"]
[Black "Maxime Vachier-Lagrave"]
[WhiteElo "2479"]
[BlackElo "2637"]
[PlyCount "60"]

1. e4 c5 2. c3 Nf6 3. e5 Nd5 4. d4 cxd4 5. cxd4 Nc6 6. Nf3 d6
7. Bc4 dxe5 8. dxe5 Nb6 9. Qxd8+ Nxd8 10. Bb5+ Bd7 11. Bxd7+
Nxd7 12. Nc3 Ne6 13. O-O g6 14. Nd5 Bg7 15. Re1 Rd8 16. Nf4
Ndc5 17. Nxe6 Nxe6 18. Be3 b6 19. a4 Rd5 20. Red1 Rxd1+
21. Rxd1 O-O 22. Kf1 Rd8 23. Ke2 Rxd1 24. Kxd1 Nd8 25. Kc2 Nc6
26. Bf4 e6 27. Kd3 a6 28. Kc4 Na5+ 29. Kb4 Nc6+ 30. Kc4 Na5+
1/2-1/2

[Event "Rapid Match"]
[Site "Cap d'Agde FRA"]
[Date "2000.11.01"]
[EventDate "2000.??.??"]
[Round "2"]
[Result "1-0"]
[White "Maxime Vachier-Lagrave"]
[Black "David Howell"]
[WhiteElo "2637"]
[BlackElo "2479"]
[PlyCount "107"]

1. e4 e5 2. Nc3 Nf6 3. f4 d5 4. fxe5 Nxe4 5. Nf3 Be6 6. Qe2
Nxc3 7. dxc3 c6 8. Be3 Be7 9. Qf2 Nd7 10. Bd3 Qc7 11. Qg3
O-O-O 12. O-O Rdg8 13. Rae1 c5 14. Kh1 g5 15. Bb5 Nb8 16. Be2
Qd8 17. Qf2 b6 18. Bd1 g4 19. Nd2 h5 20. Bf4 Nd7 21. Qe2 Kb7
22. b3 Nf8 23. Qd3 Ng6 24. Be2 Nxf4 25. Rxf4 Bg5 26. Ra4 Qc7
27. Bf1 Kb8 28. Nb1 Bd7 29. Ra3 Qb7 30. b4 c4 31. Qe2 Be6
32. Rd1 Rd8 33. Qf2 Rd7 34. Kg1 Qc7 35. Qd4 Bf5 36. e6 Rdd8
37. exf7 Bxc2 38. Re1 Qxf7 39. Qe5+ Kb7 40. Qxg5 d4 41. Qb5 d3
42. Nd2 Rc8 43. Qe5 Qc7 44. Qd5+ Kb8 45. Qg5 Rhg8 46. Qh4 Qf7
47. Qg3+ Ka8 48. Qe5 Rge8 49. Qg3 Rxe1 50. Qxe1 Re8 51. Qg3
Qe7 52. Nxc4 Qc7 53. Qxc7 Re7 54. Nxb6# 1-0

[Event "Rapid Match"]
[Site "Cap d'Agde FRA"]
[Date "2000.11.02"]
[EventDate "2000.??.??"]
[Round "3"]
[Result "1-0"]
[White "David Howell"]
[Black "Maxime Vachier-Lagrave"]
[WhiteElo "2479"]
[BlackElo "2637"]
[PlyCount "77"]

1. e4 c5 2. c3 Nf6 3. e5 Nd5 4. d4 cxd4 5. cxd4 d6 6. Nf3 Nc6
7. Bc4 Nb6 8. Bb3 g6 9. Nc3 Bg7 10. exd6 O-O 11. Be3 exd6
12. h3 d5 13. O-O Na5 14. Bc2 Nac4 15. Bc1 Re8 16. b3 Nd6
17. Re1 Bf5 18. Rxe8+ Qxe8 19. Bxf5 Nxf5 20. Bf4 Rc8 21. Qd3
f6 22. g4 Nh6 23. Re1 Qd7 24. a4 a6 25. a5 Na8 26. Na4 Re8
27. Rxe8+ Qxe8 28. Nc5 Qc6 29. Qe3 g5 30. Qe7 Bf8 31. Qd8 gxf4
32. Qxa8 f5 33. Ne5 Qd6 34. Qxb7 fxg4 35. hxg4 Qd8 36. Ne6
Qxa5 37. Qc8 Qe1+ 38. Kg2 Qe4+ 39. Nf3 1-0

[Event "Rapid Match"]
[Site "Cap d'Agde FRA"]
[Date "2000.11.02"]
[EventDate "2000.??.??"]
[Round "4"]
[Result "1-0"]
[White "Maxime Vachier-Lagrave"]
[Black "David Howell"]
[WhiteElo "2637"]
[BlackElo "2479"]
[PlyCount "109"]

1. e4 e5 2. Nc3 Nf6 3. f4 d5 4. fxe5 Nxe4 5. Nf3 Be6 6. Qe2
Nxc3 7. dxc3 c6 8. Be3 Be7 9. Qf2 Nd7 10. Qg3 g6 11. Bd3 Qc7
12. O-O O-O-O 13. Rae1 c5 14. b4 cxb4 15. Nd4 a6 16. cxb4 Bxb4
17. Rb1 Bc5 18. Kh1 Bxd4 19. Bxd4 Nc5 20. Qe3 Nd7 21. Rb3 Nb8
22. Rfb1 Rde8 23. Bb6 Qd7 24. Rc3+ Nc6 25. Rc5 d4 26. Qe2 Bd5
27. Bxa6 f6 28. Qb5 Bxg2+ 29. Kxg2 Qg4+ 30. Kf2 Qf4+ 31. Ke1
Rxe5+ 32. Rxe5 Qxe5+ 33. Qxe5 fxe5 34. Bd3 Rf8 35. Ke2 Rf4
36. Rf1 Rxf1 37. Kxf1 Nb4 38. a4 Kd7 39. Be4 Kd6 40. Ke2 Kd7
41. Kd2 Kc8 42. c3 dxc3+ 43. Kxc3 Na6 44. Kc4 Nb8 45. Kd5 Nd7
46. Bg1 Kc7 47. Ke6 Nc5+ 48. Bxc5 Kc8 49. Kxe5 Kc7 50. Ke6 g5
51. Bxh7 g4 52. Be4 Kc8 53. Kd6 Kb8 54. Bf5 g3 55. hxg3 1-0

[Event "Rapid Match"]
[Site "Cap d'Agde FRA"]
[Date "2000.11.03"]
[EventDate "2000.??.??"]
[Round "5"]
[Result "0-1"]
[White "David Howell"]
[Black "Maxime Vachier-Lagrave"]
[WhiteElo "2479"]
[BlackElo "2637"]
[PlyCount "132"]

1. e4 c5 2. Nf3 Nc6 3. Nc3 g6 4. Bc4 Bg7 5. O-O e6 6. d4 Nxd4
7. Nxd4 cxd4 8. Nb5 Qb6 9. Bf4 e5 10. Bc1 a6 11. Na3 Ne7
12. Kh1 O-O 13. Bb3 Qc7 14. f4 d6 15. Qf3 Be6 16. Bd2 b5
17. Rae1 Qd7 18. h3 Bxb3 19. axb3 f6 20. Qd3 Rac8 21. c4 bxc4
22. Nxc4 Rb8 23. Ra1 Qc6 24. Rfc1 Qb5 25. Ra3 Rfc8 26. Rca1
Rc6 27. Qf3 Rbc8 28. Ra5 Qb7 29. R5a4 Qa7 30. Bb4 Rd8 31. Ba5
Rb8 32. Bb4 Nc8 33. Bd2 Rb5 34. Qd3 Rc7 35. R4a3 Qb7 36. Ba5
Rd7 37. Bd2 d5 38. exd5 Qxd5 39. Rxa6 e4 40. Qe2 Rxb3 41. Ra8
Rd8 42. R1a3 d3 43. Qd1 Rxa3 44. Nxa3 Qxa8 45. Qb3+ Kh8
46. Be3 d2 47. Qd1 Qa4 48. Qxa4 d1=Q+ 49. Qxd1 Rxd1+ 50. Kh2
Rd3 51. Nc4 Nd6 52. Nxd6 Rxe3 53. Ne8 Rb3 54. Nxg7 e3 55. Ne6
e2 56. Nd4 e1=Q 57. Nxb3 Qe3 58. Na5 Qxf4+ 59. Kh1 Qc1+
60. Kh2 Qxb2 61. Nc6 Qb6 62. Ne7 Qc7+ 63. Kh1 Qxe7 64. Kh2
Qe5+ 65. Kh1 Qe1+ 66. Kh2 f5 0-1

[Event "Rapid Match"]
[Site "Cap d'Agde FRA"]
[Date "2000.11.03"]
[EventDate "2000.??.??"]
[Round "6"]
[Result "1-0"]
[White "Maxime Vachier-Lagrave"]
[Black "David Howell"]
[WhiteElo "2637"]
[BlackElo "2479"]
[PlyCount "77"]

1. e4 e5 2. Nc3 Nf6 3. f4 d5 4. fxe5 Nxe4 5. Nf3 Bg4 6. Qe2
Nxc3 7. bxc3 Nc6 8. d4 Be7 9. Qf2 O-O 10. Be2 f6 11. exf6 Bxf6
12. O-O a6 13. Ba3 Re8 14. Rae1 Qd7 15. Bd3 Rxe1 16. Rxe1 Re8
17. Rf1 Qe6 18. Ng5 Qe3 19. Qxe3 Rxe3 20. Nxh7 Kf7 21. h3 Bh5
22. g4 Bg6 23. Ng5+ Kg8 24. Bxg6 Nxd4 25. Bd3 Nb5 26. Bc5 Re8
27. Nf3 Nxc3 28. g5 Bd8 29. Bg6 Re6 30. Nh4 Be7 31. Bf7+ Kh7
32. Bxe6 Bxc5+ 33. Kg2 d4 34. Rf7 Ne4 35. Nf5 Nxg5 36. Rxg7+
Kh8 37. Rxg5 Kh7 38. Bg8+ Kh8 39. Bf7 1-0

[Event "Rapid Match"]
[Site "Cap d'Agde FRA"]
[Date "2000.11.04"]
[EventDate "2000.??.??"]
[Round "7"]
[Result "0-1"]
[White "David Howell"]
[Black "Maxime Vachier-Lagrave"]
[WhiteElo "2479"]
[BlackElo "2637"]
[PlyCount "98"]

1. e4 c5 2. c3 Nf6 3. e5 Nd5 4. d4 cxd4 5. cxd4 d6 6. Nf3 Nc6
7. Bc4 Nb6 8. Bb3 d5 9. h3 Bf5 10. Nc3 e6 11. O-O Be7 12. Be3
Qd7 13. Qe2 h6 14. a3 O-O 15. Rac1 Na5 16. Ba2 Nac4 17. Kh1
Rac8 18. Rfd1 Rc7 19. Kg1 Rfc8 20. Qe1 Nxb2 21. Rd2 N2a4
22. Ne2 Rxc1 23. Nxc1 Bxa3 24. Ne2 Nc3 25. Ng3 Nxa2 26. Rxa2
Nc4 27. Nxf5 exf5 28. Kh2 b5 29. Bd2 Be7 30. Bb4 Bxb4 31. Qxb4
a5 32. Qb1 b4 33. Nd2 Nxd2 34. Rxd2 Rc3 35. Ra2 Rc4 36. Rxa5
Rxd4 37. Ra8+ Kh7 38. Rb8 Qe6 39. Qe1 Re4 40. Qb1 Qxe5+ 41. g3
Re2 42. Qf1 Qe4 43. Rxb4 Qxb4 44. Qxe2 Qe4 45. Qb2 d4 46. Kg1
d3 47. Qb3 Qe1+ 48. Kg2 d2 49. Qxf7 Qe4+ 0-1

[Event "Rapid Match"]
[Site "Cap d'Agde FRA"]
[Date "2000.11.04"]
[EventDate "2000.??.??"]
[Round "8"]
[Result "0-1"]
[White "Maxime Vachier-Lagrave"]
[Black "David Howell"]
[WhiteElo "2637"]
[BlackElo "2479"]
[PlyCount "68"]

1. e4 e5 2. Nc3 Nf6 3. f4 d5 4. fxe5 Nxe4 5. Nf3 Bc5 6. Qe2
Bf2+ 7. Kd1 Nxc3+ 8. bxc3 Bh4 9. d4 Be7 10. Qf2 O-O 11. Qg3
Kh8 12. h4 f6 13. Bd3 f5 14. Bg5 Be6 15. Qf4 Nd7 16. Kd2 c5
17. Rh3 Rc8 18. Rah1 c4 19. Be2 b5 20. Rb1 a6 21. Bxe7 Qxe7
22. Rb4 Rb8 23. Qg5 Qe8 24. Qf4 a5 25. Rb1 Qe7 26. Ng5 b4
27. cxb4 axb4 28. Nxe6 Qxe6 29. Rhh1 Rb6 30. c3 bxc3+ 31. Kxc3
Ra6 32. Qd2 Ra3+ 33. Kb4 Rb8+ 34. Kxa3 Qa6+ 0-1

[Event "FRA-ch U14"]
[Site "Amiens"]
[Date "2001.??.??"]
[EventDate "2001.??.??"]
[Round "2"]
[Result "1-0"]
[White "Maxime Vachier-Lagrave"]
[Black "Yannick Barbaroux"]
[WhiteElo "2637"]
[BlackElo "2063"]
[PlyCount "71"]

1. e4 e6 2. d3 b6 3. g3 Bb7 4. Bg2 d6 5. Nd2 Nf6 6. Ngf3 Nbd7
7. O-O Be7 8. Re1 Ne5 9. Nxe5 dxe5 10. Nc4 Nd7 11. f4 exf4
12. Bxf4 b5 13. Na5 c6 14. Nxb7 Qb6+ 15. Kh1 Qxb7 16. d4 O-O
17. Qe2 Nb6 18. Rad1 f6 19. Bh3 e5 20. dxe5 fxe5 21. Bxe5 Kh8
22. Qg4 Bf6 23. Bd6 Rfe8 24. e5 Be7 25. Rf1 Bxd6 26. exd6 Nd5
27. d7 Re7 28. Rxd5 cxd5 29. Qb4 d4+ 30. Bg2 Qxd7 31. Bxa8 h6
32. Qd2 Qg4 33. Qd3 Re8 34. Bc6 Rc8 35. Bxb5 g5 36. Rf7 1-0

[Event "FRA-ch U14"]
[Site "Amiens"]
[Date "2001.??.??"]
[EventDate "2001.??.??"]
[Round "6"]
[Result "0-1"]
[White "Maxime Vachier-Lagrave"]
[Black "Asher Glicenstein"]
[WhiteElo "2637"]
[BlackElo "2306"]
[PlyCount "122"]

1. e4 c5 2. Nf3 Nc6 3. Bb5 g6 4. O-O Bg7 5. Re1 Nf6 6. c3 a6
7. Bxc6 dxc6 8. d3 Bg4 9. h3 Bxf3 10. Qxf3 Nd7 11. Bf4 e5
12. Be3 Qe7 13. Na3 O-O 14. Qe2 Rfe8 15. Rad1 Nf8 16. f3 Ne6
17. Qf2 Rad8 18. Rd2 b5 19. Red1 Rd7 20. Nc2 a5 21. Na1 a4
22. Nc2 Red8 23. a3 Bf6 24. g3 g5 25. Kh1 Kh8 26. Ne1 Qd6
27. Ng2 Nd4 28. f4 gxf4 29. gxf4 Nb3 30. Re2 Qe6 31. f5 Qe7
32. Ne1 c4 33. Qg1 Rg8 34. Rg2 Rxg2 35. Qxg2 Rd8 36. Qf3 Nc5
37. Bxc5 Qxc5 38. Nc2 cxd3 39. Rxd3 Rxd3 40. Qxd3 Qf2 41. Ne3
Qg3 42. Qe2 Bg5 43. Ng2 Qxh3+ 44. Kg1 h5 45. Qf2 Kg7 46. Qc5
Qg3 47. Kh1 h4 48. f6+ Bxf6 49. Qe3 Qxe3 50. Nxe3 Bg5 51. Nd1
Bc1 52. Kg2 Kf6 53. Kf2 Kg5 54. Kf3 f6 55. Ke2 h3 56. Kf3 Kh4
57. Kf2 Kg4 58. Kg1 Kg3 59. Kh1 h2 60. c4 bxc4 61. Nc3 Bxb2
0-1

[Event "FRA-chT 0102 U18"]
[Site "France"]
[Date "2001.??.??"]
[EventDate "2001.??.??"]
[Round "1"]
[Result "1-0"]
[White "Maxime Vachier-Lagrave"]
[Black "Asher Glicenstein"]
[WhiteElo "2637"]
[BlackElo "2306"]
[PlyCount "77"]

1. e4 c5 2. Nf3 Nc6 3. Bb5 g6 4. O-O Bg7 5. Re1 Nf6 6. c3 O-O
7. d4 d5 8. e5 Ne4 9. Bxc6 bxc6 10. Nbd2 cxd4 11. cxd4 c5
12. dxc5 Nxc5 13. Nb3 Nxb3 14. Qxb3 Be6 15. Nd4 Qd7 16. Qg3
Rab8 17. b3 Rfc8 18. Bb2 Rb7 19. h4 h5 20. Rad1 Rc5 21. Rc1
Rbc7 22. Rxc5 Rxc5 23. a4 Kh7 24. Qe3 Rc7 25. Qd3 Bh6 26. g3
Qc8 27. f4 a6 28. Re2 Bg4 29. Rc2 Rxc2 30. Qxc2 Qb7 31. Qc6
Qb4 32. Qc3 Qb7 33. b4 Bd1 34. a5 Bg7 35. b5 axb5 36. Qc6 Qb8
37. a6 Bxe5 38. fxe5 Qxe5 39. Kf2 1-0

[Event "FRA-chT 0102 U18"]
[Site "France"]
[Date "2001.??.??"]
[EventDate "2001.??.??"]
[Round "4"]
[Result "0-1"]
[White "Jean Netzer"]
[Black "Maxime Vachier-Lagrave"]
[WhiteElo "2404"]
[BlackElo "2637"]
[PlyCount "94"]

1. e4 c5 2. Nf3 d6 3. d4 cxd4 4. Nxd4 Nf6 5. Nc3 g6 6. Be3 Bg7
7. f3 O-O 8. Qd2 Nc6 9. Bc4 Bd7 10. O-O-O Qa5 11. Bb3 Rfc8
12. h4 Ne5 13. h5 Nc4 14. Bxc4 Rxc4 15. hxg6 fxg6 16. Nb3 Qe5
17. Bd4 Qe6 18. Rhe1 Qf7 19. e5 dxe5 20. Bxe5 Bc6 21. Kb1 b6
22. Qe2 Bb7 23. g4 h6 24. Nd2 Rc5 25. f4 Rac8 26. g5 hxg5
27. fxg5 Rxe5 28. Qxe5 Nd5 29. Qe6 Bxc3 30. Qxf7+ Kxf7
31. bxc3 Nxc3+ 32. Kb2 Nxd1+ 33. Rxd1 Rc5 34. Rg1 Rf5 35. Kc3
Bd5 36. Nb3 e5 37. a3 Ke6 38. Nd2 Rf4 39. Nf1 Rf3+ 40. Kb2 e4
41. Nd2 Rf2 42. Kc3 Ke5 43. Re1 Kf4 44. a4 e3 45. Nf1 e2
46. Nd2 Ke3 47. Rg1 Rg2 0-1

[Event "FRA-chT 0102 U18"]
[Site "France"]
[Date "2001.??.??"]
[EventDate "2001.??.??"]
[Round "6"]
[Result "0-1"]
[White "Iannis Iglesias"]
[Black "Maxime Vachier-Lagrave"]
[WhiteElo "2143"]
[BlackElo "2637"]
[PlyCount "66"]

1. e4 c5 2. Nc3 Nc6 3. f4 g6 4. Nf3 Bg7 5. Bb5 d6 6. Bxc6+
bxc6 7. d3 e6 8. O-O Ne7 9. Na4 O-O 10. Rb1 Rb8 11. c4 f6
12. Qe2 e5 13. fxe5 fxe5 14. Bg5 h6 15. Bxe7 Qxe7 16. Nd2 Be6
17. Rxf8+ Rxf8 18. Rf1 Rf4 19. g3 Bg4 20. Qe1 Rf6 21. Nc3 h5
22. Rxf6 Bxf6 23. Qf2 Bg5 24. Kf1 Kg7 25. Ke1 Qb7 26. Nb3 h4
27. Ne2 Qb4+ 28. Nc3 Qb8 29. Ne2 a5 30. Nc3 Qh8 31. Qg2 hxg3
32. hxg3 Qh6 33. Nxa5 Bd2+ 0-1

[Event "FRA-chT 0102 U18"]
[Site "France"]
[Date "2001.??.??"]
[EventDate "2001.??.??"]
[Round "8"]
[Result "0-1"]
[White "Marvin Lepan"]
[Black "Maxime Vachier-Lagrave"]
[WhiteElo "2205"]
[BlackElo "2637"]
[PlyCount "70"]

1. d4 d5 2. c4 e6 3. Nc3 Be7 4. cxd5 exd5 5. Bf4 Nf6 6. e3 c6
7. Bd3 Nbd7 8. g4 Nf8 9. g5 Ne4 10. h4 Ng6 11. Bxe4 Nxf4
12. Bf3 Ne6 13. Nge2 h6 14. gxh6 Rxh6 15. h5 Ng5 16. Ng3 Bd6
17. Bg4 Bxg3 18. fxg3 Qe7 19. Kd2 Rf6 20. Re1 Bxg4 21. Qxg4
Nf3+ 22. Kd3 Nxe1+ 23. Rxe1 Kf8 24. e4 Qe6 25. Qd1 dxe4+
26. Rxe4 Qh3 27. Ne2 Rf3+ 28. Kd2 Qxh5 29. Rh4 Qg5+ 30. Kc2
Qf5+ 31. Kc1 Rf1 32. Rh8+ Ke7 33. Rxa8 Rxd1+ 34. Kxd1 Qd3+
35. Ke1 Qb1+ 0-1

[Event "Clichy2"]
[Site "Clichy"]
[Date "2001.06.25"]
[EventDate "2001.??.??"]
[Round "1"]
[Result "1-0"]
[White "Gilbert Grimberg"]
[Black "Maxime Vachier-Lagrave"]
[WhiteElo "2350"]
[BlackElo "2637"]
[PlyCount "119"]

1. d4 Nf6 2. Nf3 c5 3. d5 g6 4. Nc3 d6 5. e4 Bg7 6. Bb5+ Bd7
7. a4 O-O 8. h3 Na6 9. O-O Nc7 10. Bc4 a6 11. e5 Nfe8 12. Re1
dxe5 13. Nxe5 Nd6 14. Bf1 Re8 15. a5 Bb5 16. Na4 Bxa4 17. Rxa4
e6 18. dxe6 Rxe6 19. Nc4 Nxc4 20. Bxc4 Rxe1+ 21. Qxe1 Qd7
22. Ra3 Re8 23. Qf1 Re4 24. Rf3 Ne6 25. c3 h6 26. Rd3 Qe7
27. Bd5 Re5 28. Rd1 g5 29. g3 Kh8 30. Kh2 Nf8 31. Qg2 Qd8
32. b4 cxb4 33. cxb4 b6 34. Bb2 Re7 35. Bxg7+ Kxg7 36. Bb3 Qc7
37. b5 axb5 38. a6 Qa7 39. Ra1 b4 40. Qd5 Ne6 41. Qe5+ f6
42. Qd5 b5 43. Kg1 Re8 44. Qb7+ Qxb7 45. axb7 Nc5 46. Ra8 Re1+
47. Kg2 Nxb7 48. Ra7 Re7 49. Bd5 f5 50. Rxb7 Rxb7 51. Bxb7 Kf6
52. Bc6 Ke5 53. Bxb5 f4 54. Kf3 fxg3 55. fxg3 h5 56. Ke3 b3
57. Bd3 h4 58. g4 Kd5 59. Bb1 Ke5 60. Be4 1-0

[Event "Clichy2"]
[Site "Clichy"]
[Date "2001.06.25"]
[EventDate "2001.??.??"]
[Round "3"]
[Result "1-0"]
[White "Thal Abergel"]
[Black "Maxime Vachier-Lagrave"]
[WhiteElo "2528"]
[BlackElo "2637"]
[PlyCount "77"]

1. e4 c5 2. Nf3 d6 3. d4 cxd4 4. Qxd4 Nc6 5. Bb5 Bd7 6. Bxc6
Bxc6 7. Nc3 Nf6 8. Bg5 e6 9. O-O-O Be7 10. Rhe1 O-O 11. h3 Qa5
12. Bd2 Qc7 13. g4 d5 14. e5 Nd7 15. g5 b5 16. Qh4 Rfc8
17. Ne2 Nxe5 18. Nxe5 Qxe5 19. Nd4 Qc7 20. Bf4 Bd6 21. Bxd6
Qxd6 22. f4 Bd7 23. Qf2 b4 24. h4 Rab8 25. h5 b3 26. axb3 Qc5
27. Qe3 e5 28. fxe5 Bg4 29. Rd3 Bxh5 30. Rc3 Qb6 31. Qh3 Rxc3
32. bxc3 Bg6 33. Qd7 Qc5 34. Kb2 Rc8 35. Re3 Be4 36. e6 Rb8
37. exf7+ Kh8 38. Qe8+ Qf8 39. Qxb8 1-0

[Event "Clichy2"]
[Site "Clichy"]
[Date "2001.06.25"]
[EventDate "2001.??.??"]
[Round "4"]
[Result "1/2-1/2"]
[White "Maxime Vachier-Lagrave"]
[Black "Dimitri Komarov"]
[WhiteElo "2637"]
[BlackElo "2595"]
[PlyCount "143"]

1. e4 e6 2. d3 d5 3. Nd2 Nf6 4. Ngf3 b6 5. g3 dxe4 6. dxe4 Bb7
7. Bg2 Nxe4 8. Qe2 Nf6 9. b3 Nbd7 10. Bb2 Bc5 11. O-O O-O
12. Rad1 Qc8 13. Nc4 Rd8 14. Nfe5 Bxg2 15. Kxg2 Qb7+ 16. Kg1
Nxe5 17. Bxe5 Be7 18. Bb2 Qe4 19. Qxe4 Nxe4 20. Kg2 Bf6
21. Kf3 Nc3 22. Bxc3 Bxc3 23. Ke2 Kf8 24. f4 Ke7 25. Ne3 h5
26. f5 Rxd1 27. Rxd1 Be5 28. fxe6 Kxe6 29. Nc4 Bf6 30. Nd2 Rd8
31. Rf1 g5 32. Ne4 Be7 33. Nf2 f5 34. Nd3 Bd6 35. Ne1 Re8
36. Nd3 h4 37. gxh4 g4 38. h3 gxh3 39. Rh1 h2 40. Ne1 Kf6+
41. Kf2 Rg8 42. Nf3 Bg3+ 43. Kf1 Rh8 44. Kg2 f4 45. Rd1 Bxh4
46. Nxh2 Ke6 47. Ng4 Bg5 48. Nf2 Be7 49. Re1+ Kd7 50. Nd3 Bd6
51. Re4 Rh4 52. Kf3 Rh2 53. Nxf4 Rxc2 54. Re2 Rc3+ 55. Ke4
Bxf4 56. Kxf4 Rd3 57. Ke4 Rd6 58. Rc2 c5 59. Ke3 Rd4 60. a4
Kc6 61. Rc3 b5 62. axb5+ Kxb5 63. Ke2 Kb4 64. Rh3 a5 65. Rh5
Rd6 66. Rf5 a4 67. bxa4 c4 68. a5 c3 69. Rf4+ Kb3 70. Rf7 Rd2+
71. Ke3 Rd5 72. Rb7+ 1/2-1/2

[Event "Clichy2"]
[Site "Clichy"]
[Date "2001.06.25"]
[EventDate "2001.??.??"]
[Round "5"]
[Result "1/2-1/2"]
[White "Maurizio Caposciutti"]
[Black "Maxime Vachier-Lagrave"]
[WhiteElo "2355"]
[BlackElo "2637"]
[PlyCount "99"]

1. Nf3 d5 2. c4 e6 3. g3 Nf6 4. b3 Be7 5. Bg2 O-O 6. O-O c5
7. cxd5 Nxd5 8. Bb2 Nc6 9. Nc3 Bf6 10. Rc1 Nxc3 11. Bxc3 e5
12. d3 Bf5 13. Qc2 Qe7 14. Qb2 Rac8 15. Nd2 Nd4 16. Ne4 Bxe4
17. Bxe4 Rfd8 18. Qd2 b6 19. Bb2 Rc7 20. e3 Nb5 21. Qe2 Nd6
22. Bg2 Bg5 23. Rfd1 Ne8 24. h3 f5 25. a3 Bf6 26. Qc2 Kh8
27. Bc3 Nd6 28. Qb1 Nb5 29. Bb2 f4 30. Qc2 Nd6 31. Qe2 fxe3
32. fxe3 Nf5 33. Qf3 e4 34. Qxf5 Bxb2 35. Rc2 g6 36. Qxe4 Qxe4
37. Bxe4 Bxa3 38. Rf1 Kg7 39. Kg2 Rf8 40. Rxf8 Kxf8 41. h4 a5
42. Bd5 Re7 43. e4 Kg7 44. Rf2 Bb4 45. g4 Bc3 46. Kh3 Bd4
47. Rf1 h6 48. g5 h5 49. Bc4 Be5 50. Bd5 1/2-1/2

[Event "Clichy2"]
[Site "Clichy"]
[Date "2001.06.25"]
[EventDate "2001.??.??"]
[Round "6"]
[Result "1-0"]
[White "Olivier Piot"]
[Black "Maxime Vachier-Lagrave"]
[WhiteElo "2271"]
[BlackElo "2637"]
[PlyCount "65"]

1. d4 d5 2. c4 e6 3. Nc3 Be7 4. cxd5 exd5 5. Bf4 c6 6. e3 Nf6
7. Bd3 O-O 8. Qc2 Re8 9. Nf3 Nbd7 10. O-O-O Nf8 11. h3 Be6
12. g4 b5 13. Ng5 g6 14. Nxe6 Nxe6 15. Be5 Nd7 16. h4 b4
17. h5 Nxe5 18. dxe5 Kg7 19. Ne2 Qa5 20. Kb1 c5 21. Bf5 Nc7
22. hxg6 hxg6 23. Nf4 Qb6 24. Bxg6 Rh8 25. Bf5 c4 26. e6 b3
27. axb3 cxb3 28. Qd3 Qa5 29. Qxb3 Rab8 30. Rh7+ Kf6 31. Rxf7+
Kg5 32. Ne2 Nxe6 33. f4+ 1-0